000 00630nam a2200217Ia 4500
005 20250508164753.0
008 008 250505s9999 xx 000 0 eng d
020 _a978-81-317-2075-2
037 _aTextual
040 _aFEDL
_beng
_cFEDL
041 _aeng
_2eng
084 _a370.19, THA
_qFEDL
100 _aThakur Anil Kumar Ed.
245 0 _aEducation, growth and development
260 _aNew Delhi, India
_bDeep and Deep Publications Pvt. Ltd.
_c2010
300 _axiii,414p.
365 _aINR
_b1580
700 _a Manish Dev Ed.
_9779126
942 _cTEXL
_h370.19, THA
999 _c1391046
_d1391046